Quiz Géopolitique (niveau confirmé) - Statistiques

Statistiques générales
  • Ce quiz a été pris 126 fois
  • Le résultat moyen est 7 sur 20
Statistiques - réponses
Hint Réponse % Correct
Terme (à la base) employé pour désigner les soulèvements ou les révoltes populaires palestiniennes Intifada
77%
Territoire chinois ayant une volonté d'indépendance, soutenue par les Etats-Unis Taiwan
74%
Année durant laquelle se déroula la "Guerre des Six Jours" 1967
67%
Organisation créée en 1964 ayant pour objectif la représentation du peuple palestinien, dirigée par Yasser Arafat jusque sa mort en 2004 Organisation de Libération de la Palestine
67%
Ancien premier ministre israélien, à l'origine de la déclaration d'indépendance le 14 mai 1948 David Ben Gourion
60%
Célèbres accords, signés en 1978, ayant conduit à un traité de paix entre Israel et l'Egypte Accords de Camp David
51%
Date de début de la guerre au Soudan (année) 2023
48%
Date précise de l'invasion totale de l'Ukraine par la Russie ? 24 février 2022
39%
Quelle entreprise chinoise a été au centre des conflits portant sur la 5G Huawei
39%
Capitale du Soudan, théâtre des nombreux affrontements de rue entre l'armée et le FSR Khartoum
37%
Chef du Groupe Wagner entre 2014 et 2023, ayant mené plusieurs expéditions paramilitaires en Ukraine Evgueni Prigojine
28%
Région musulmane du pays, célèbre pour la guerre y ayant fait rage entre 2003 et 2020 Darfour
27%
Principal pays soutenant ce dernier Emirats Arabes Unis
26%
Nom de l'alliance stratégique américaine visant à contenir montée en puissance de l'économie chinoise Quad (Inde, Japon, Australie, USA)
21%
Nom des accords signés en 2014 puis 2015 pour tenter de mettre un terme aux combats Minsk
20%
Zone maritime dans laquelle les tensions militaires sont les plus fortes actuellement Mer de Chine Méridionale
18%
Nom de guerre du dirigeant des Forces de Soutien Rapide (FSR) Mohamad Hamdan Dogolo Hemedti
13%
Comment appelle-t-on communément ce type de conflit : Guerre ?????? Commerciale
12%
Régions formant le Donbass : Donetsk et ? Louhansk
11%
Président ukrainien qui décida de suspendre l'accord d'association de l'Ukraine avec l'UE en 2014, entrainant le début du mouvement Maidan Viktor Ianoukovytch
4%
Aucun quiz correspondant
Distribution des résultats
% des personnes avec chaque résultat
Percentile par nombre de réponses
Votre historique - résultats
Vous n’avez pas pris ce quiz